000 00813nam a2200229 a 4500
999 _c7781
_d7781
001 7781
003 BD-JhCC
005 20180218083237.0
008 180214s2002 bg |||| || | 000 0 ben d
035 _a(BD-JhCC)7781
040 _aBD-JhCC
_dBD-JhCC
041 _aeng
082 _a320.014
_bVHA 2002
245 _aভাষা আন্দোলনের পঞ্চাশ বছর স্মারকগ্রন্থ /
_cআরজুমান্দ আরা বানু (সম্পাদিত)
260 _aঢাকা :
_bঅনুপম প্রকাশনী,
_c2002
300 _a478 p. :
_c22 cm.
650 _aLanguage Movement
650 _aRemembrance
700 _aবানু, আরজুমান্দ আরা (সম্পাদিত)
942 _2ddc
_cBK